000 00320nam a2200121Ia 4500
008 190216s9999||||xx |||||||||||||| ||und||
100 _aClyde R Metz
245 0 _aSchaum`S Series Theory And Problems Of Physical Chemistry
260 _bMcgraw -hill
_c1976
300 _a424p
650 _aChemistry-Chemistry
942 _cBK
999 _c2286
_d2286